Statistics for Flags With Circles On Them

Click here to take the quiz!

General Stats

  • This quiz has been taken 38 times
  • The average score is 20 of 24

Answer Stats

Answer% Correct
Japan
96%
Brazil
96%
India
96%
North Korea
93%
Tunisia
93%
Kazakhstan
93%
Paraguay
93%
South Korea
93%
Bangladesh
93%
Portugal
93%
Ethiopia
89%
Niger
89%
North Macedonia
85%
Uganda
85%
Laos
81%
Belize
81%
Kyrgyzstan
81%
Palau
81%
Mongolia
78%
Dominica
78%
Taiwan
78%
Rwanda
67%
Grenada
67%
Namibia
67%

Score Distribution

Percentile by Number Answered

Percent of People with Each Score

Your Score History

You have not taken this quiz